000 01203nam a22002537a 4500
005 20090709122616.0
010 _aENG-94360 B-441266
020 _a9788123755106
_c65.00
035 _aEN-77893
035 _aB-441266
037 _bDBAD / PUB
037 _bAllied Publishers
082 _a304.6
100 _aMahendra K. Premi
_930434
245 _aIndia's changing population profile /
_cby Mahendra K. Premi
260 _aNew Delhi
_bNational Book Trust
_c2009
_c2010
270 _aNehru Bhawan, 5 Institutional Area, Phase-II,
_bNew Delhi
_e110070
300 _axxi, 244p. :
_c22cm(pbk)
_bmaps
500 _aIncludes bibliographical references and index
942 _2ddc
_cEN
_mKAH
_h304.6
999 _c28108
_d28108